[Event "III Festival Scacchisti.it A"]
[Site "Acqui Terme ITA"]
[Date "2014.07.13"]
[Round "9"]
[White "Bisi, Samuele"]
[Black "Laketic, Gojko"]
[WhiteElo "2099"]
[BlackElo "2417"]
[Result "1/2-1/2"]
[PlyCount "51"]
[EventDate "2014.07.06"]

1. d4 d6 2. c4 e5 3. Nc3 Nf6 4. g3 exd4 5. Qxd4 Nc6 6. Qd2 Be6 7. e4 a5 8. Nh3
Ne5 9. Ng5 Qd7 10. f4 Nxc4 11. Qd4 Nb6 12. Bb5 c6 13. f5 cxb5 14. fxe6 Qc6 15.
exf7+ Kd7 16. O-O b4 17. e5 bxc3 18. exf6 gxf6 19. Qg4+ Kd8 20. Ne6+ Ke7 21.
Re1 Kxf7 22. Nd8+ Rxd8 23. Qe6+ Kg6 24. Qg4+ Kf7 25. Qe6+ Kg6 26. Qg4+ 1/2-1/2

[Event "III Festival Scacchisti.it A"]
[Site "Acqui Terme ITA"]
[Date "2014.07.13"]
[Round "9"]
[White "Briata, Federico"]
[Black "Pepino, Enrico"]
[WhiteElo "1971"]
[BlackElo "2200"]
[Result "1/2-1/2"]
[PlyCount "26"]
[EventDate "2014.07.06"]

1. e4 e6 2. d4 d5 3. exd5 exd5 4. Bf4 c6 5. c3 Bf5 6. Bd3 Bg6 7. Ne2 Nf6 8. O-O
Be7 9. Re1 O-O 10. Bxg6 hxg6 11. Nd2 Re8 12. Ng3 Nbd7 13. Nf3 Nf8 1/2-1/2

[Event "III Festival Scacchisti.it A"]
[Site "Acqui Terme ITA"]
[Date "2014.07.13"]
[Round "9"]
[White "Caprio, Guido"]
[Black "Sergeev, Vladimir"]
[WhiteElo "2415"]
[BlackElo "2447"]
[Result "1/2-1/2"]
[PlyCount "30"]
[EventDate "2014.07.06"]

1. d4 Nf6 2. c4 e6 3. Nc3 Bb4 4. e3 c5 5. Bd3 cxd4 6. exd4 d5 7. Nf3 O-O 8. O-O
dxc4 9. Bxc4 b6 10. Qe2 Nc6 11. Bg5 Na5 12. Bd3 Bb7 13. Rac1 Rc8 14. Ne4 Rxc1
15. Rxc1 Be7 1/2-1/2

[Event "III Festival Scacchisti.it A"]
[Site "Acqui Terme ITA"]
[Date "2014.07.13"]
[Round "9"]
[White "Damia, Angelo"]
[Black "De Napoli, Giuseppe"]
[WhiteElo "2205"]
[BlackElo "1984"]
[Result "1-0"]
[PlyCount "113"]
[EventDate "2014.07.06"]

1. e4 d6 2. d4 Nf6 3. Nc3 g6 4. f4 Bg7 5. Nf3 O-O 6. e5 dxe5 7. fxe5 Nd5 8. Bc4
Nb6 9. Bb3 Nc6 10. h3 Na5 11. Be3 Nxb3 12. axb3 f6 13. Qe2 fxe5 14. dxe5 Bd7
15. Rd1 Qe8 16. O-O Bc6 17. Ng5 e6 18. Bxb6 Rxf1+ 19. Rxf1 cxb6 20. Rf6 Qe7 21.
Nce4 Bxf6 22. Nxf6+ Kh8 23. Nfxh7 Qc5+ 24. Kh2 Qd4 25. Nxe6 Qe4 26. Qxe4 Bxe4
27. Nf6 Bxc2 28. Nd4 Bd3 29. e6 Kg7 30. Nd7 Re8 31. g4 Be4 32. g5 Bf5 33. Nf6
Rxe6 34. Nxe6+ Bxe6 35. b4 a5 36. Kg3 Kf8 37. h4 Ke7 38. Kf4 Kd6 39. Ne8+ Ke7
40. Ke5 axb4 41. Nd6 Bd7 42. Nxb7 Bb5 43. Nd6 Bd7 44. Nc4 b5 45. Nd6 Bc6 46.
Nc8+ Kf7 47. Na7 Bd7 48. Kd6 Bg4 49. Nc6 Be2 50. Nxb4 Bc4 51. Nc6 Be2 52. Ne5+
Kg7 53. b4 Bf1 54. Ke7 Bh3 55. Nc6 Bf5 56. Nd4 Bd3 57. Ne6+ 1-0

[Event "III Festival Scacchisti.it A"]
[Site "Acqui Terme ITA"]
[Date "2014.07.13"]
[Round "9"]
[White "Del Rio Angelis, Salvador Gabriel"]
[Black "Altini, Nicola"]
[WhiteElo "2520"]
[BlackElo "2412"]
[Result "1-0"]
[PlyCount "111"]
[EventDate "2014.07.06"]

1. d4 d5 2. c4 c6 3. Nc3 Nf6 4. e3 Bf5 5. cxd5 cxd5 6. Qb3 Nc6 7. Qxb7 Bd7 8.
Qb3 Rb8 9. Qd1 e5 10. dxe5 Nxe5 11. Be2 Bd6 12. Nf3 Qc7 13. Nd4 O-O 14. O-O Nc4
15. b3 Bxh2+ 16. Kh1 Nd6 17. Bb2 Be5 18. Rc1 Qb7 19. Nf3 Bxc3 20. Bxc3 Nfe4 21.
Ba1 Be6 22. Kg1 Qe7 23. Qd4 Nf5 24. Qe5 f6 25. Qc7 Qa3 26. Qc6 Rb6 27. Qa4 Qxa4
28. bxa4 a5 29. Bd1 Nfd6 30. Bb3 Nc4 31. Nd4 Bf7 32. Nb5 Rfb8 33. Rfd1 Ned6 34.
Nc3 Ne5 35. Nxd5 R6b7 36. Nxf6+ gxf6 37. Rxd6 Bxb3 38. axb3 Rxb3 39. Bxe5 fxe5
40. Rd5 e4 41. Rxa5 Rb1 42. Rxb1 Rxb1+ 43. Kh2 Ra1 44. Ra7 Ra2 45. Kg3 h5 46.
a5 h4+ 47. Kxh4 Rxf2 48. a6 Rb2 49. Ra8+ Kg7 50. a7 Kh7 51. Kg3 Kg7 52. Kf4 Rb4
53. Ke5 Kh7 54. Kd5 Kg7 55. Kc6 Rb1 56. Rb8 1-0

[Event "III Festival Scacchisti.it A"]
[Site "Acqui Terme ITA"]
[Date "2014.07.13"]
[Round "9"]
[White "Efimov, Igor"]
[Black "Cebalo, Miso"]
[WhiteElo "2406"]
[BlackElo "2426"]
[Result "1/2-1/2"]
[PlyCount "78"]
[EventDate "2014.07.06"]

1. d4 Nf6 2. Nf3 c5 3. c3 e6 4. Bg5 h6 5. Bh4 b6 6. Nbd2 cxd4 7. cxd4 Bb7 8. e3
Be7 9. Be2 d6 10. O-O Nbd7 11. Rc1 a6 12. h3 O-O 13. Bg3 b5 14. Qc2 Qb6 15. a3
Rac8 16. Qb1 Nh5 17. Bh2 f5 18. Rxc8 Rxc8 19. Rc1 Rxc1+ 20. Qxc1 Nhf6 21. Bd1
Qc6 22. Qxc6 Bxc6 23. Ne1 Nb6 24. f3 Nc4 25. Nxc4 bxc4 26. Be2 d5 27. Bc7 Ba4
28. g4 Kf7 29. Kg2 Ne8 30. Ba5 Bd6 31. f4 Nf6 32. gxf5 exf5 33. Nf3 Ke6 34. Ne5
Ne4 35. Bh5 Bxe5 36. dxe5 g5 37. Bb6 Nd2 38. Kg3 Ne4+ 39. Kg2 Nd2 1/2-1/2

[Event "III Festival Scacchisti.it A"]
[Site "Acqui Terme ITA"]
[Date "2014.07.13"]
[Round "9"]
[White "Kambor, Joachim"]
[Black "De Santis, Alessio"]
[WhiteElo "2128"]
[BlackElo "2263"]
[Result "1/2-1/2"]
[PlyCount "119"]
[EventDate "2014.07.06"]

1. d4 d6 2. c4 f5 3. Nf3 Nf6 4. g3 g6 5. Bg2 Bg7 6. O-O O-O 7. Nc3 Qe8 8. d5 a5
9. Nd4 Na6 10. Bg5 h6 11. Bxf6 Rxf6 12. f4 e5 13. dxe6 c6 14. e4 Bxe6 15. b3
Bd7 16. Rc1 Nc5 17. Re1 fxe4 18. Nxe4 Nxe4 19. Rxe4 Qd8 20. Qd2 Qb6 21. Kh1 Re8
22. Rxe8+ Bxe8 23. Re1 Bd7 24. Be4 Qb4 25. Qe3 Qc5 26. Qd3 Be8 27. Nf3 Bf7 28.
Rd1 Re6 29. g4 d5 30. cxd5 Rd6 31. Qc4 Qe3 32. Ne5 Bxe5 33. fxe5 Bxd5 34. Bxd5+
Rxd5 35. Rxd5 Qf3+ 36. Kg1 cxd5 37. Qc8+ Kf7 38. e6+ Kg7 39. Qxb7+ Kf8 40. Qc8+
Kg7 41. Qd7+ Kg8 42. Qe8+ Kg7 43. Qe7+ Kg8 44. Qf7+ Qxf7 45. exf7+ Kxf7 46. Kf2
Kf6 47. a3 h5 48. h3 hxg4 49. hxg4 Ke5 50. Ke3 g5 51. b4 a4 52. Kd3 d4 53. b5
Kd5 54. b6 Kc6 55. b7 Kxb7 56. Kxd4 Kc6 57. Kc4 Kd6 58. Kd4 Kc6 59. Kc4 Kd6 60.
Kd4 1/2-1/2

[Event "III Festival Scacchisti.it A"]
[Site "Acqui Terme ITA"]
[Date "2014.07.13"]
[Round "9"]
[White "Santeramo, Alessia Carmen"]
[Black "Yao, Stefano"]
[WhiteElo "1948"]
[BlackElo "2176"]
[Result "1/2-1/2"]
[PlyCount "136"]
[EventDate "2014.07.06"]

1. e4 c5 2. Nf3 e6 3. d4 cxd4 4. Nxd4 a6 5. Bd3 Qc7 6. O-O Nf6 7. Qe2 d6 8. c4
Be7 9. Nc3 O-O 10. f4 Nbd7 11. Kh1 b6 12. Bd2 Bb7 13. f5 e5 14. Nc2 Nc5 15. Ne3
b5 16. Ned5 Nxd5 17. Nxd5 Bxd5 18. cxd5 Bf6 19. Be3 Rfc8 20. g3 h6 21. Rfc1 Qb7
22. h4 Na4 23. Qd2 Bd8 24. b3 Nc5 25. Bxc5 dxc5 26. a4 Be7 27. Qe2 Rab8 28.
axb5 axb5 29. Rcb1 Qd7 30. Rc1 Rb6 31. Ra2 Rcb8 32. Rca1 c4 33. bxc4 b4 34. Ra5
Qc8 35. Qe3 b3 36. c5 b2 37. cxb6 Bc5 38. Qe2 bxa1=Q+ 39. Rxa1 Bxb6 40. Rb1 Qc5
41. Kg2 Ra8 42. Qb2 Qe3 43. Qe2 Qd4 44. Rd1 Ra3 45. Bb5 Qb4 46. Bd3 Rb3 47. Bc2
Re3 48. Qd2 Rc3 49. Bb1 Be3 50. Qe2 Bd4 51. Bd3 Rb3 52. Rd2 Qc3 53. Kh3 Qc1 54.
Rd1 Qa3 55. Rd2 Rc3 56. Rd1 Bb6 57. Rd2 Qc5 58. Rc2 Rxc2 59. Qxc2 Qd4 60. Qe2
Ba5 61. Bc2 Qg1 62. Qg2 Qe3 63. Qf1 Be1 64. Qg2 Kf8 65. Bd1 Qd3 66. Bc2 Qc3 67.
Bd1 f6 68. Qf3 Qxf3 1/2-1/2

[Event "C.to Regionale Lombardia Seniores"]
[Site "Bratto - Castione della Presolana ITA"]
[Date "2014.06.30"]
[Round "1"]
[White "Albanesi, Roberto"]
[Black "Alessandro, Sergio"]
[WhiteElo "1964"]
[BlackElo "1635"]
[Result "1-0"]
[PlyCount "119"]
[EventDate "2014.06.30"]

1. c4 d5 2. cxd5 Qxd5 3. Nc3 Qa5 4. g3 c6 5. Bg2 Nf6 6. Nf3 Bf5 7. O-O e6 8. d3
Nbd7 9. Bd2 Qc7 10. Rc1 a6 11. a3 Bd6 12. Re1 e5 13. b4 O-O 14. d4 exd4 15.
Nxd4 Bg6 16. Qb3 Qb6 17. e3 Rac8 18. Na4 Qa7 19. Nc3 c5 20. Nf3 c4 21. Qa4 b5
22. Nxb5 Qb6 23. Nxd6 Qxd6 24. Red1 Bd3 25. Bc3 Ne4 26. Bd4 Qe6 27. Nd2 Ndf6
28. Bxf6 Nxf2 29. Kxf2 Qxf6+ 30. Nf3 Rfd8 31. Qa5 Qb2+ 32. Kg1 c3 33. Ne1 Qe2
34. Nxd3 Qxe3+ 35. Nf2 Rd2 36. Rxd2 Qxd2 37. Rd1 Qxd1+ 38. Nxd1 c2 39. Bf3 c1=Q
40. Qxa6 g6 41. Qd3 Re8 42. Kf2 Rc8 43. b5 Rc2+ 44. Be2 Rd2 45. Qb3 Qc5+ 46.
Ke1 Rd7 47. Kf1 Qf5+ 48. Qf3 Qc2 49. b6 Rd6 50. b7 Rb6 51. Qc3 Qf5+ 52. Qf3 Qe5
53. Kg2 Qc7 54. Ne3 Rxb7 55. Nd5 Qc8 56. Qe4 Qb8 57. Nf6+ Kg7 58. Qd4 Qa7 59.
Nh5+ Kh6 60. Qf4+ 1-0

[Event "C.to Regionale Lombardia Seniores"]
[Site "Bratto - Castione della Presolana ITA"]
[Date "2014.06.30"]
[Round "1"]
[White "Frignani, Alessandro"]
[Black "De Marco, Walter"]
[WhiteElo "1454"]
[BlackElo "1863"]
[Result "0-1"]
[PlyCount "46"]
[EventDate "2014.06.30"]

1. e4 g6 2. f4 Bg7 3. Bc4 e6 4. Nf3 Ne7 5. Qe2 d5 6. Bd3 c5 7. c4 dxe4 8. Bxe4
Nbc6 9. a3 Nd4 10. Nxd4 Qxd4 11. d3 f5 12. Bf3 O-O 13. Nc3 a6 14. Be3 Qd6 15.
O-O Rb8 16. Rfd1 Bd4 17. Rab1 b6 18. g3 Bb7 19. Kg2 Nc6 20. Bxc6 Qxc6+ 21. Kh3
Bxe3 22. Qxe3 Qg2+ 23. Kh4 Qxh2+ 0-1

[Event "C.to Regionale Lombardia Seniores"]
[Site "Bratto - Castione della Presolana ITA"]
[Date "2014.06.30"]
[Round "1"]
[White "Raineri, Valerio"]
[Black "Oteri, Aldo"]
[WhiteElo "2108"]
[BlackElo "1766"]
[Result "1-0"]
[PlyCount "60"]
[EventDate "2014.06.30"]

1. e4 e6 2. Qe2 c5 3. f4 Nc6 4. Nf3 Be7 5. d3 d5 6. e5 Nh6 7. g3 Nf5 8. c3 h5
9. Bh3 g6 10. O-O b6 11. Na3 Bb7 12. Nc2 d4 13. c4 Qd7 14. Bd2 O-O-O 15. Rfd1
f6 16. exf6 Bxf6 17. Rab1 Rhe8 18. Ng5 Bxg5 19. fxg5 e5 20. Bg2 Nd6 21. b4 e4
22. bxc5 Nxc4 23. Bxe4 N6e5 24. cxb6 Nxb6 25. Rdc1 Bxe4 26. Qxe4 Nc6 27. Qg2
Kb7 28. Nb4 Rc8 29. a4 Re6 30. a5 Nd5 1-0

[Event "C.to Regionale Lombardia Seniores"]
[Site "Bratto - Castione della Presolana ITA"]
[Date "2014.06.30"]
[Round "1"]
[White "Savoldelli, Dario"]
[Black "Cebalo, Miso"]
[WhiteElo "1815"]
[BlackElo "2426"]
[Result "0-1"]
[PlyCount "68"]
[EventDate "2014.06.30"]

1. e4 c5 2. Nf3 d6 3. d4 cxd4 4. Nxd4 Nf6 5. Nc3 a6 6. Be2 e5 7. Nb3 Be7 8. O-O
O-O 9. Kh1 b5 10. a3 Bb7 11. Bf3 Nbd7 12. Be3 Rc8 13. Re1 Nb6 14. Bxb6 Qxb6 15.
Qe2 h6 16. Rad1 Rc4 17. Nd2 Rc6 18. Nf1 Rfc8 19. Ne3 R8c7 20. Rc1 g6 21. Kg1
Kg7 22. Red1 b4 23. axb4 Qxb4 24. Rb1 a5 25. Qb5 Rc5 26. Qxb4 axb4 27. Ncd5
Nxd5 28. exd5 Bg5 29. Rd3 Bxe3 30. fxe3 Rxc2 31. Rb3 R7c4 32. e4 Rd2 33. Re1 f5
34. Kf1 fxe4 0-1

[Event "C.to Regionale Lombardia Seniores"]
[Site "Bratto - Castione della Presolana ITA"]
[Date "2014.06.30"]
[Round "1"]
[White "Scarpellini, Felice"]
[Black "Gori, Andrea"]
[WhiteElo "1693"]
[BlackElo "2058"]
[Result "0-1"]
[PlyCount "50"]
[EventDate "2014.06.30"]

1. c4 e5 2. g3 Nc6 3. Bg2 d6 4. d3 Bd7 5. Nf3 Qc8 6. O-O Be7 7. Re1 Bh3 8. Bh1
h5 9. Ng5 Bxg5 10. Bxg5 h4 11. e4 f6 12. Be3 Nh6 13. Bxh6 Rxh6 14. Nc3 Qd7 15.
Nd5 O-O-O 16. Rc1 Nd4 17. b4 hxg3 18. fxg3 Bg4 19. Qd2 Bf3 20. Re3 Bxh1 21.
Kxh1 c6 22. Nc3 Rdh8 23. Rb1 Qh3 24. Re2 Nf3 25. Qc2 Qxh2+ 0-1

[Event "C.to Regionale Lombardia Seniores"]
[Site "Bratto - Castione della Presolana ITA"]
[Date "2014.07.01"]
[Round "2"]
[White "Alessandro, Sergio"]
[Black "Savoldelli, Dario"]
[WhiteElo "1635"]
[BlackElo "1815"]
[Result "1-0"]
[PlyCount "79"]
[EventDate "2014.06.30"]

1. b4 Nf6 2. Bb2 e6 3. b5 b6 4. e3 Bb7 5. Nf3 Be7 6. Be2 a6 7. a4 O-O 8. O-O d6
9. d4 Nbd7 10. c4 a5 11. Nbd2 c5 12. Qc2 Rc8 13. Rfc1 Qc7 14. Bd3 h6 15. h3
Rfe8 16. Ne4 Nxe4 17. Bxe4 Nf6 18. Bxb7 Qxb7 19. dxc5 bxc5 20. Bc3 Ra8 21. Qb2
e5 22. Rd1 Qb6 23. Nd2 Bd8 24. Nb3 Bc7 25. f3 Re6 26. Qd2 Qa7 27. e4 Bb6 28.
Kh1 Qc7 29. g4 Kf8 30. Rg1 Ng8 31. Rg3 g6 32. Rf1 Ra7 33. g5 h5 34. h4 Re7 35.
Na1 Re8 36. Nc2 Ne7 37. Ne3 Kg8 38. f4 Rf8 39. fxe5 dxe5 40. Qb2 1-0

[Event "C.to Regionale Lombardia Seniores"]
[Site "Bratto - Castione della Presolana ITA"]
[Date "2014.07.01"]
[Round "2"]
[White "Cebalo, Miso"]
[Black "Albanesi, Roberto"]
[WhiteElo "2426"]
[BlackElo "1964"]
[Result "1-0"]
[PlyCount "57"]
[EventDate "2014.06.30"]

1. d4 d5 2. c4 c6 3. Nf3 Nf6 4. Nc3 e6 5. Bg5 h6 6. Bxf6 Qxf6 7. e3 Nd7 8. Bd3
dxc4 9. Bxc4 Bd6 10. O-O Qe7 11. a3 a5 12. Qc2 O-O 13. Rad1 Nf6 14. Ne4 Nxe4
15. Qxe4 b5 16. Ba2 Bb7 17. Bb1 g6 18. Qg4 h5 19. Qg5 Qxg5 20. Nxg5 c5 21. Be4
Bd5 22. Bxd5 exd5 23. dxc5 Be7 24. Nf3 Rac8 25. b4 Rfd8 26. Rd3 axb4 27. axb4
Ra8 28. Nd4 Bf6 29. Nxb5 1-0

[Event "C.to Regionale Lombardia Seniores"]
[Site "Bratto - Castione della Presolana ITA"]
[Date "2014.07.01"]
[Round "2"]
[White "De Marco, Walter"]
[Black "Raselli, Claudio"]
[WhiteElo "1863"]
[BlackElo "1856"]
[Result "1/2-1/2"]
[PlyCount "41"]
[EventDate "2014.06.30"]

1. d4 d5 2. Nc3 Nf6 3. Bg5 c5 4. Nf3 e6 5. e4 cxd4 6. Qxd4 Be7 7. Bb5+ Nc6 8.
Ne5 Bd7 9. Bxc6 bxc6 10. Nd3 Qb6 11. Qxb6 axb6 12. exd5 exd5 13. Ne5 h6 14. Bd2
O-O 15. O-O d4 16. Ne2 c5 17. Nxd7 Nxd7 18. a3 Ne5 19. Ng3 Nc4 20. Bc1 Nd6 21.
Re1 1/2-1/2

[Event "C.to Regionale Lombardia Seniores"]
[Site "Bratto - Castione della Presolana ITA"]
[Date "2014.07.01"]
[Round "2"]
[White "Gori, Andrea"]
[Black "Raineri, Valerio"]
[WhiteElo "2058"]
[BlackElo "2108"]
[Result "1/2-1/2"]
[PlyCount "46"]
[EventDate "2014.06.30"]

1. e4 e5 2. Nf3 Nc6 3. Bb5 a6 4. Ba4 Nge7 5. c3 d6 6. d4 Bd7 7. Be3 Ng6 8. h4
Be7 9. g3 h6 10. d5 Nb8 11. Bxd7+ Nxd7 12. c4 Nf6 13. Nfd2 Qd7 14. f3 Nh7 15.
Nc3 f5 16. Bf2 O-O 17. Qe2 f4 18. g4 Rfb8 19. a4 a5 20. Nb3 c5 21. O-O-O Ngf8
22. Rdg1 g6 23. Nb5 b6 1/2-1/2

[Event "C.to Regionale Lombardia Seniores"]
[Site "Bratto - Castione della Presolana ITA"]
[Date "2014.07.01"]
[Round "2"]
[White "Monzeglio, Graziella"]
[Black "Scarpellini, Felice"]
[WhiteElo "1277"]
[BlackElo "1693"]
[Result "0-1"]
[PlyCount "72"]
[EventDate "2014.06.30"]

1. d4 Nf6 2. Nf3 e6 3. e3 d5 4. Bd3 Be7 5. O-O O-O 6. Re1 b6 7. c3 Bb7 8. Nbd2
Nbd7 9. e4 dxe4 10. Nxe4 c5 11. Nxf6+ Nxf6 12. h3 Bxf3 13. Qxf3 cxd4 14. Qg3
Kh8 15. cxd4 Qxd4 16. Rb1 Rad8 17. Rd1 Qa4 18. Bg5 Ne4 19. b3 Nxg3 20. bxa4
Bxg5 21. fxg3 Rd4 22. h4 Be7 23. Rb5 Rfd8 24. Rb3 Rxa4 25. Rc3 Bc5+ 26. Kh2
Rxa2 27. Bc2 Rxd1 28. Bxd1 Rd2 29. Bg4 g6 30. Rf3 Kg7 31. h5 f5 32. Bh3 a5 33.
hxg6 hxg6 34. g4 a4 35. gxf5 exf5 36. Rg3 Bd6 0-1

[Event "C.to Regionale Lombardia Seniores"]
[Site "Bratto - Castione della Presolana ITA"]
[Date "2014.07.01"]
[Round "2"]
[White "Oteri, Aldo"]
[Black "Frignani, Alessandro"]
[WhiteElo "1766"]
[BlackElo "1454"]
[Result "1-0"]
[PlyCount "71"]
[EventDate "2014.06.30"]

1. e4 e5 2. Nf3 Qf6 3. d4 exd4 4. Bc4 c5 5. O-O h6 6. c3 Nc6 7. e5 Qg6 8. cxd4
cxd4 9. Nxd4 Nxd4 10. Qxd4 Ne7 11. Nc3 Nc6 12. Qe3 Be7 13. Ne4 Nxe5 14. Bb3 d6
15. Rd1 O-O 16. Bd2 Bf5 17. Ng3 Bg5 18. Nxf5 Qxf5 19. f4 Ng4 20. Qd4 Be7 21.
Bc3 Nf6 22. Re1 Qd7 23. Qe3 Bd8 24. Rad1 b5 25. Kh1 Re8 26. Qg3 Rxe1+ 27. Rxe1
Qf5 28. Re8+ Kh7 29. Bxf6 Qxf6 30. Qd3+ g6 31. Rf8 Kg7 32. Rxf7+ Qxf7 33. Bxf7
Rb8 34. Qxd6 Rc8 35. h3 Bf6 36. Qd3 1-0

[Event "C.to Regionale Lombardia Seniores"]
[Site "Bratto - Castione della Presolana ITA"]
[Date "2014.07.02"]
[Round "3"]
[White "Albanesi, Roberto"]
[Black "Oteri, Aldo"]
[WhiteElo "1964"]
[BlackElo "1766"]
[Result "1-0"]
[PlyCount "67"]
[EventDate "2014.06.30"]

1. c4 e5 2. g3 f5 3. Nc3 Nf6 4. Nf3 Nc6 5. d4 exd4 6. Nxd4 Nxd4 7. Qxd4 d6 8.
Bg2 g6 9. Bg5 Bg7 10. Qd2 O-O 11. O-O Rb8 12. Rad1 Be6 13. b3 a6 14. a4 Qe8 15.
Bh6 Rf7 16. Bxg7 Kxg7 17. Nd5 Bxd5 18. cxd5 Re7 19. e3 Qf7 20. Rc1 b5 21. Rc6
Rb6 22. Rfc1 Ne8 23. Qd4+ Qf6 24. Qxf6+ Kxf6 25. a5 Rxc6 26. Rxc6 g5 27. Rxa6
c5 28. dxc6 Nc7 29. Rb6 d5 30. a6 Ke5 31. a7 Kd6 32. Rb8 Kxc6 33. a8=Q+ Nxa8
34. Rxa8 1-0

[Event "C.to Regionale Lombardia Seniores"]
[Site "Bratto - Castione della Presolana ITA"]
[Date "2014.07.02"]
[Round "3"]
[White "De Marco, Walter"]
[Black "Gori, Andrea"]
[WhiteElo "1863"]
[BlackElo "2058"]
[Result "0-1"]
[PlyCount "76"]
[EventDate "2014.06.30"]

1. Nf3 Nf6 2. b3 d6 3. d4 c5 4. dxc5 Qa5+ 5. Nbd2 Qc3 6. Rb1 Qxc5 7. e3 Nc6 8.
a3 Bg4 9. Be2 Rc8 10. O-O e6 11. b4 Qd5 12. c4 Qf5 13. Bb2 Be7 14. h3 h5 15.
Bxf6 Bxf6 16. Nb3 Ke7 17. b5 Bxf3 18. Bxf3 Ne5 19. Nd4 Nxf3+ 20. Nxf3 Rxc4 21.
Qb3 Qc2 22. Nd2 Rc3 23. Qb4 Rd8 24. Rbd1 Qa2 25. Nb1 Rc2 26. Rd2 Qb2 27. Qa5
Rxd2 28. Qxd2 Qxd2 29. Nxd2 Rc8 30. Rb1 Rc3 31. Nb3 Kd7 32. Kf1 Rc2 33. a4 Ra2
34. a5 Bc3 35. b6 Bxa5 36. bxa7 Bc3 37. Nd4 Bxd4 38. Rxb7+ Kc6 0-1

[Event "C.to Regionale Lombardia Seniores"]
[Site "Bratto - Castione della Presolana ITA"]
[Date "2014.07.02"]
[Round "3"]
[White "Frignani, Alessandro"]
[Black "Monzeglio, Graziella"]
[WhiteElo "1454"]
[BlackElo "1277"]
[Result "1-0"]
[PlyCount "49"]
[EventDate "2014.06.30"]

1. e4 d5 2. e5 e6 3. d4 c5 4. c3 Nc6 5. Be3 cxd4 6. Bxd4 Nxd4 7. Qxd4 Ne7 8. f4
Nf5 9. Qa4+ Bd7 10. Qb3 b6 11. Nf3 Bc5 12. Nbd2 O-O 13. O-O-O Ne3 14. Re1 Nxf1
15. Rexf1 Qe8 16. Qc2 h6 17. b4 Be3 18. Kb2 Bxd2 19. Qxd2 Rc8 20. Nd4 a5 21. a3
axb4 22. cxb4 Ra8 23. Rc1 Bb5 24. Rc7 Qb8 25. Nxb5 1-0

[Event "C.to Regionale Lombardia Seniores"]
[Site "Bratto - Castione della Presolana ITA"]
[Date "2014.07.02"]
[Round "3"]
[White "Raineri, Valerio"]
[Black "Cebalo, Miso"]
[WhiteElo "2108"]
[BlackElo "2426"]
[Result "0-1"]
[PlyCount "130"]
[EventDate "2014.06.30"]

1. e4 c5 2. Nf3 d6 3. d4 cxd4 4. Nxd4 Nf6 5. Nc3 a6 6. Be3 e5 7. Nb3 Be7 8. Qd2
O-O 9. O-O-O a5 10. Kb1 a4 11. Nc1 a3 12. b3 Nc6 13. f3 Be6 14. g4 Nb4 15. g5
Nh5 16. Nd5 Nxd5 17. exd5 Bf5 18. Bd3 Qd7 19. Ne2 Bg6 20. Ng3 Qh3 21. Rdg1 Bd8
22. Ne4 Qxf3 23. Nxd6 Ba5 24. Qe2 Qxd5 25. Bxg6 hxg6 26. Rd1 Qc6 27. Qc4 Nf4
28. Bxf4 exf4 29. Qxc6 bxc6 30. Rhf1 Bc3 31. Rxf4 Be5 32. Rf3 Rfd8 33. Rfd3
Bxh2 34. Nc4 Rxd3 35. Rxd3 Bf4 36. b4 Bxg5 37. Rxa3 Rxa3 38. Nxa3 Bd2 39. b5
cxb5 40. Nxb5 g5 41. Nd4 g4 42. c4 Be3 43. Nf5 Bc5 44. Kc2 Kf8 45. Kd3 g6 46.
Nh4 Bf2 47. Ng2 f5 48. a4 Bb6 49. Ke2 Kf7 50. Ne3 Ke6 51. Nd5 Bc5 52. Nf4+ Kf6
53. a5 g5 54. Nd3 Ba7 55. c5 Ke6 56. c6 Kd6 57. Ne5 Kc7 58. Nf7 Kxc6 59. Nxg5
Kd5 60. Nf7 f4 61. Ng5 Ke5 62. Nf7+ Kf6 63. Nd6 f3+ 64. Kf1 Ke5 65. Nb5 Bc5 0-1

[Event "C.to Regionale Lombardia Seniores"]
[Site "Bratto - Castione della Presolana ITA"]
[Date "2014.07.02"]
[Round "3"]
[White "Raselli, Claudio"]
[Black "Savoldelli, Dario"]
[WhiteElo "1856"]
[BlackElo "1815"]
[Result "1-0"]
[PlyCount "69"]
[EventDate "2014.06.30"]

1. c4 f5 2. Nf3 Nf6 3. g3 e6 4. Bg2 Be7 5. O-O O-O 6. Nc3 d6 7. d3 Kh8 8. b3
Nc6 9. Bb2 Nb8 10. Qc2 a5 11. d4 Na6 12. a3 Bd7 13. Rad1 Qe8 14. e4 fxe4 15.
Nxe4 Rd8 16. Rfe1 Nxe4 17. Qxe4 Bc8 18. Qe3 Qh5 19. h4 h6 20. Bc3 Rf6 21. Nd2
b6 22. Bf3 Qf7 23. Kg2 Rf8 24. Re2 Bd7 25. Be4 Bd8 26. f4 Re8 27. Bf3 Qf8 28.
Ne4 Rf5 29. Bg4 Qg8 30. Qd2 Rff8 31. d5 Nb8 32. dxe6 Bxe6 33. Bxe6 Rxe6 34. Qd3
Rfe8 35. f5 1-0

[Event "C.to Regionale Lombardia Seniores"]
[Site "Bratto - Castione della Presolana ITA"]
[Date "2014.07.02"]
[Round "3"]
[White "Scarpellini, Felice"]
[Black "Alessandro, Sergio"]
[WhiteElo "1693"]
[BlackElo "1635"]
[Result "1/2-1/2"]
[PlyCount "62"]
[EventDate "2014.06.30"]

1. c4 d5 2. cxd5 Qxd5 3. Nc3 Qa5 4. g3 Bf5 5. Bg2 c6 6. Nf3 Nf6 7. O-O e6 8. d3
Nbd7 9. a3 Bd6 10. Bd2 Qc7 11. Rc1 a6 12. Re1 e5 13. e4 Bg6 14. b4 O-O 15. Qb3
Rfc8 16. d4 exd4 17. Nxd4 Be5 18. Nf3 Bxc3 19. Bxc3 Bxe4 20. Ng5 Bd5 21. Bxd5
Nxd5 22. Ba1 h6 23. Ne4 Qd8 24. Nd6 Qg5 25. Nxc8 Rxc8 26. Qf3 Rf8 27. h4 Qg6
28. Qe4 Qd6 29. Be5 Nxe5 30. Qxe5 Qg6 31. Qe4 Qh5 1/2-1/2

[Event "C.to Regionale Lombardia Seniores"]
[Site "Bratto - Castione della Presolana ITA"]
[Date "2014.07.03"]
[Round "4"]
[White "Albanesi, Roberto"]
[Black "De Marco, Walter"]
[WhiteElo "1964"]
[BlackElo "1863"]
[Result "1/2-1/2"]
[PlyCount "90"]
[EventDate "2014.06.30"]

1. c4 Nf6 2. g3 d5 3. cxd5 Qxd5 4. Nf3 e5 5. Nc3 Qa5 6. d3 Nc6 7. Bg2 Be7 8. h3
O-O 9. O-O Rd8 10. Bd2 Qa6 11. a3 Bd6 12. b4 Nd4 13. Be3 Nxf3+ 14. Bxf3 Bf8 15.
Bg2 Qe6 16. Qc2 c6 17. Rfd1 Nd5 18. Nxd5 cxd5 19. Qc7 Qd6 20. Rac1 Be6 21. Qxb7
Qb6 22. Qc6 Qb8 23. Qc7 Bd6 24. Qxb8 Raxb8 25. Rb1 Rdc8 26. Rdc1 Kf8 27. Rxc8+
Rxc8 28. Rc1 Rxc1+ 29. Bxc1 Ke7 30. Kf1 Kd7 31. Ke1 Kc7 32. f4 f6 33. e3 Kb6
34. Kd2 a5 35. bxa5+ Kxa5 36. fxe5 fxe5 37. Bb2 Ka4 38. Kc2 g6 39. g4 h6 40.
Bf3 Bf7 41. Bd1 Be8 42. Kd2+ Kb5 43. a4+ Ka5 44. Bc3+ Bb4 45. Bb3 d4 1/2-1/2

[Event "C.to Regionale Lombardia Seniores"]
[Site "Bratto - Castione della Presolana ITA"]
[Date "2014.07.03"]
[Round "4"]
[White "Alessandro, Sergio"]
[Black "Raineri, Valerio"]
[WhiteElo "1635"]
[BlackElo "2108"]
[Result "0-1"]
[PlyCount "32"]
[EventDate "2014.06.30"]

1. b4 e5 2. Bb2 Bxb4 3. Bxe5 Nf6 4. Nf3 O-O 5. e3 d5 6. a3 Ba5 7. c4 Re8 8.
cxd5 Nxd5 9. Be2 Nc6 10. Bg3 Qf6 11. Ra2 Be6 12. Bh4 Qg6 13. Ng5 Nxe3 14. Bh5
Nxd1 15. Bxg6 Bxa2+ 16. Kxd1 hxg6 0-1